Регионална библиотека "Любен Каравелов" - Русе

Чужди звезди (Запис номер 173136)

MARC детайли
000 -Лидер
Контролно поле с фиксирана дължина 01367nam a2200313 c 4500
003 - Код на организацията, давaща контролен номер
Контролно поле BLK
005 - Дата и час на последна редакция
Контролно поле 20200828083023.0
008 - Елементи от данни с фиксирана дължина
fixed length control field 180411b bul|||||r ||||||| ||bul||
010 ## - Наследен системен номер
LC control number KNG00181517000
040 ## - Източник на каталожния запис
Идентификатор на билиотеката - собственик на записа BLK
041 ## - Код за език
Код за езика на текст/звукозапис или на отделно заглавие Български
Код за езика КДБФ Български
080 ## - УДК
Текстов определител УДК ?Литература на ГДР
УДК код - определител по УДК 830.2
УДК определител -32
УДК - код + определител 830.2-32
100 1# - Редна дума - Автор
Автор Симон, Ерик
Авторска отговорност първи автор
R(LIN) 382985
139 ## - Редно поле
Редна дума Симон, Ерик
Авторски знак Сим - С 37
245 10 - Сведения за заглавието
Заглавие Чужди звезди
Подзаглавни данни Научнофантаст. разкази
Редно поле (дума) Ерик Симон; прев. от нем. Дорина Йосифова; състав. с предг. от Светослав Славчев.
257 ## - Страна на издаване
Страна на създаване/издаване Германия
260 ## - Област на издателските данни
Място на издаване, разпространение и проч. Варна
Име на издателя, разпространителя и проч. Георги Бакалов
Година на издаване 1986
9 (RLIN) 210458
300 ## - Физическа характеристика
Страници 176 с.
Размери/Мащаб 17 см
380 ## - Жанр
Жанр Худож. лит.
490 ## - СЕРИИ (Колекции)
Име на серия Библиотека Галактика
№: серия 78
9 (RLIN) 201894
500 ## - Общи забележки
Забележка Прев. е направен от Begegnung im Licht ; Wege Unmoglichkeit ; Fremde Sterne / Erik Simon. - 30 119 тир.
700 1# - Други автори (авторска отговорност)
Лично име Йосифова, Дорина
Автороска отговорност (Описва отношението между автора и произведението) прев. от нем.
Друга информация Русева, Дорина Йосифова
9 (RLIN) 376167
700 1# - Други автори (авторска отговорност)
Лично име Славчев, Светослав
Автороска отговорност (Описва отношението между автора и произведението) състав. с предг. от
9 (RLIN) 370044
852 ## - Местоположение
Форматна сигнатура Цб І 22861
856 4# - Електронен адрес и достъп
Електронен формат pdf - файл
856 4# - Електронен адрес и достъп
Електронен формат pdf - файл
999 ## - СИСТЕМНИ КОНТРОЛНИ НОМЕРА
Koha biblionumber 173136
Koha biblioitemnumber 173136
942 ## - АРТИКУЛИ
Вид на библиотечния материал Книги
Скрит в OPAC Не
Периодичен библиозапис Да
944 ## - СЪЗДАВАНЕ И РЕДАКЦИЯ на ЗАПИСА
Създаване/Редакция Създаване
Дата на регистрацията/редакция 11.09.2015
Служител, извършил регистрацията/редакцията Валентина_Караджова
944 ## - СЪЗДАВАНЕ И РЕДАКЦИЯ на ЗАПИСА
Създаване/Редакция Редакция
Дата на регистрацията/редакция 11.09.2015
Служител, извършил регистрацията/редакцията Валентина_Караджова
999 ## - СИСТЕМНИ КОНТРОЛНИ НОМЕРА
Koha biblioitemnumber 173136
Наличности
Код за отписване Код за изгубен артикул Източник на класификационната схема Код за повреда Коз за рестрикции Код за отдаване Артикулен № Име на библиотеката - собственик Име на библиотеката, в която се намира в момента Статус (Текущо местоположение) Дата на вписване в системата Местоположение - отдел Цена в лева Инвентарен номер Систематично азбучна сигнатура Баркод Номер на екземпляра Цена в евро Служебна бележка Служебен тип на артикула
  Не е изгубен Universal Decimal Classification Не е повреден без рестрикции ползва се в читалня 295699 Регионална библиотека "Любен Каравелов" Русе Регионална библиотека "Любен Каравелов" Русе Хранилище 1986-01-01 Хранилище 1.00 454918 Цб І 22861 120000454918 1 0.51 Вид: Сф N: Сф Дата: 01.01.1986 Книги
Изтеглен Не е изгубен Universal Decimal Classification Не е повреден без рестрикции заемане за дома 295700 Регионална библиотека "Любен Каравелов" Русе Регионална библиотека "Любен Каравелов" Русе Заемна - подръчен фонд 1986-01-01 Заемна - подръчен фонд 1.00 457086 П 830-32/С 37 457086 2 0.51 Вид: Сф N: Сф Дата: 01.01.1986 Книги
Изтеглен Не е изгубен Universal Decimal Classification Не е повреден без рестрикции заемане за дома 295701 Регионална библиотека "Любен Каравелов" Русе Регионална библиотека "Любен Каравелов" Русе Заемна - подръчен фонд 1986-01-01 Заемна - подръчен фонд 1.00 457087 П 830-32/С 37 457087 3 0.51 Вид: Сф N: Сф Дата: 01.01.1986 Книги
Изтеглен Не е изгубен Universal Decimal Classification Не е повреден без рестрикции заемане за дома 295702 Регионална библиотека "Любен Каравелов" Русе Регионална библиотека "Любен Каравелов" Русе Заемна - подръчен фонд 1986-01-01 Заемна - подръчен фонд 1.00 469509 П 830-32/С 37 469509 4 0.51 Вид: Сф N: Сф Дата: 01.01.1986 Книги
Изтеглен Не е изгубен Universal Decimal Classification Не е повреден без рестрикции заемане за дома 295703 Регионална библиотека "Любен Каравелов" Русе Регионална библиотека "Любен Каравелов" Русе Заемна - подръчен фонд 1986-01-01 Заемна - подръчен фонд 1.00 469510 П 830-32/С 37 469510 5 0.51 Вид: Сф N: Сф Дата: 01.01.1986 Книги
Изтеглен Не е изгубен Universal Decimal Classification Не е повреден без рестрикции заемане за дома 295704 Регионална библиотека "Любен Каравелов" Русе Регионална библиотека "Любен Каравелов" Русе Заемна - подръчен фонд 1986-01-01 Заемна - подръчен фонд 1.00 469511 П 830-32/С 37 469511 6 0.51 Вид: Сф N: Сф Дата: 01.01.1986 Книги
Изтеглен Не е изгубен Universal Decimal Classification Не е повреден без рестрикции заемане за дома 295705 Регионална библиотека "Любен Каравелов" Русе Регионална библиотека "Любен Каравелов" Русе Заемна - подръчен фонд 1986-01-01 Заемна - подръчен фонд 1.00 469512 П 830-32/С 37 469512 7 0.51 Вид: Сф N: Сф Дата: 01.01.1986 Книги
Изтеглен Не е изгубен Universal Decimal Classification Не е повреден без рестрикции заемане за дома 295706 Регионална библиотека "Любен Каравелов" Русе Регионална библиотека "Любен Каравелов" Русе Заемна - подръчен фонд 1986-01-01 Заемна - подръчен фонд 1.00 469513 П 830-32/С 37 469513 8 0.51 Вид: Сф N: Сф Дата: 01.01.1986 Книги
Изтеглен Не е изгубен Universal Decimal Classification Не е повреден без рестрикции заемане за дома 295707 Регионална библиотека "Любен Каравелов" Русе Регионална библиотека "Любен Каравелов" Русе Детски отдел 1986-01-01 Детски отдел 1.00 457090 ДХ 820/899/С 37 457090 9 0.51 Вид: Сф N: Сф Дата: 01.01.1986 Дата инв: 29.09.2015 Бележки инв: Д2015 Книги
Vip Innovations Ltd, Rousse, Bulgaria 2025